000 00485nam a2200145Ia 4500
008 100204s9999 xx 000 0 und d
082 _b5917
100 _aभागवत भा. रा.
245 _aगप्प बसा मुछासेन
260 _b"शकुन प्रकाशन , पुणे 30"
_c1984
300 _a100
630 _aगप्प बसा मुछासेन
730 _aगप्प बसा मुछासेन
942 _cBOOK
999 _c450428
_d450425